000
00264nam a22001217a 4500
008
180214b xxu||||| |||| 00| 0 eng d
041
_a
eng
080
_a
610.73
100
_a
1
101
_a
INF
245
_a
Fundamentals for nursing
_c
Knippa,A
942
_2
udc
_c
BK
999
_c
42504
_d
42504